000 00685nam a2200241 i 4500
001 9392
003 ES-MaACL
005 20250628062016.0
007 t|
008 930819s1993 sp ||||1| spa d
020 _a84-86919-66-5
080 _a86-14"19"
080 _a86(Sanz,D.7 D.01)
100 1 _aSanz, Diego.
_9103572
245 1 0 _aDiario del año extraviado /
_cDiego Sanz.
260 _aAlbacete :
_bDiputación,
_cD.L. 1993.
300 _a42 P. ;
_c19 cm.
490 1 _aJoven poesía
710 1 _aAlbacete (Provincia).
_bDiputación Provincial
_91313
830 0 _aJoven poesía
_9178257
852 _aES-MaACL
_jL-16957
_bR.121487
999 _c9392
_d9392